000 00633nam a2200229Ia 4500
003 OSt
005 20220928113656.0
006 a|||||r|||| 00| 0
007 ta
008 220927b |||||||| |||| 00| 0 eng d
024 _a131516
037 _cTextual
040 _aSDCL
_cSDCL
_beng
041 _2eng
_aeng
082 _aQ11:22:g(Y), N1
100 _aBalveer Acharya
_9434417
245 0 _aRigvediya brahmanon ka sanskritik adhyayan.
260 _aDelhi
_bVidyanidhi Prakashan
_c1991
300 _avii,280p.
_ccm.
942 _hQ11:22:g(Y), N1
_cTEXL
_2CC
999 _c750757
_d750757